[Event "Tunja Liga Boyaca"]
[Site "Tunja"]
[Date "2017.12.16"]
[Round "5.11"]
[White "Garcia Engels, Vladimir"]
[Black "Borbon, Oscar"]
[Result "1-0"]
[WhiteElo "1982"]
[BlackElo "1977"]
[PlyCount "111"]
[EventDate "2017.12.14"]
[EventType "swiss"]
[EventRounds "7"]
[EventCountry "COL"]
[SourceTitle "EXT 2024"]
[Source "ChessBase"]
[SourceDate "2023.10.10"]
[SourceVersion "1"]
[SourceVersionDate "2023.10.10"]
[SourceQuality "1"]

1. c4 Nf6 2. g3 d5 3. cxd5 Qxd5 4. Nf3 c6 5. Nc3 Qa5 6. Bg2 e5 7. 0-0 Bd6 8. d4 0-0 9. dxe5 Bxe5 10. Nxe5 Qxe5 11. Bf4 Qa5 12. Qb3 Na6 13. Bd6 Re8 14. Rfd1 Nc5 15. Qc4 Ncd7 16. b4 Qf5 17. b5 Nb6 18. Qd3 Qxd3 19. Rxd3 Nbd5 20. bxc6 bxc6 21. Nxd5 cxd5 22. e3 Ba6 23. Ra3 Bc4 24. Rb1 Ne4 25. Bc7 Rec8 26. Rb7 a6 27. Bh3 Re8 28. Ra5 Re7 29. Kg2 Nd2 30. Bg4 h5 31. Bxh5 Rc8 32. Rc5 Ne4 33. Bb6 Rxb7 34. Rxc8+ Kh7 35. Bd4 Rb1 36. h4 Rf1 37. f3 Rf2+ 38. Kg1 Rf1+ 39. Kg2 Rf2+ 40. Kh3 f5 41. Rxc4 dxc4 42. fxe4 g6 43. Bd1 Rxa2 44. exf5 gxf5 45. g4 f4 46. Bf3 fxe3 47. Be4+ Kg8 48. Bd5+ Kf8 49. Bxc4 e2 50. Bf2 Ra3+ 51. Kg2 Re3 52. Be1 Re4 53. Bxa6 Rxg4+ 54. Kf3 Rg1 55. Bb4+ Kg7 56. Bxe2 1-0

[Event "Tunja Liga Boyaca"]
[Site "Tunja"]
[Date "2017.12.15"]
[Round "2.22"]
[White "Garcia Engels, Vladimir"]
[Black "Castro Diaz, Erick Andrey"]
[Result "1-0"]
[WhiteElo "1982"]
[BlackElo "1600"]
[PlyCount "47"]
[EventDate "2017.12.14"]
[EventType "swiss"]
[EventRounds "7"]
[EventCountry "COL"]
[SourceTitle "EXT 2024"]
[Source "ChessBase"]
[SourceDate "2023.10.10"]
[SourceVersion "1"]
[SourceVersionDate "2023.10.10"]
[SourceQuality "1"]

1. e4 d5 2. exd5 Qxd5 3. Nf3 Nc6 4. Nc3 Qd6 5. Ne4 Qd7 6. Bb5 g6 7. Ne5 Qd8 8. Nxc6 bxc6 9. Bxc6+ Bd7 10. Bxa8 Qxa8 11. 0-0 Qxe4 12. Re1 Qb7 13. d4 e5 14. Rxe5+ Be7 15. Bg5 f6 16. Rxe7+ Kxe7 17. Qe1+ Kf7 18. Bh4 g5 19. Bg3 Qxb2 20. Qb1 Qxd4 21. Bxc7 Qc4 22. Qb3 Qxb3 23. axb3 a6 24. Rxa6 1-0

[Event "COL-ch Amateur U2000"]
[Site "Bogota"]
[Date "2017.03.05"]
[Round "6"]
[White "Garcia Engels, Vladimir"]
[Black "Guerra, Alvaro"]
[Result "0-1"]
[WhiteElo "1958"]
[BlackElo "1837"]
[PlyCount "57"]
[EventDate "2017.03.02"]
[EventType "swiss"]
[EventRounds "7"]
[EventCountry "COL"]
[SourceTitle "CBM 177 Extra"]
[Source "ChessBase"]
[SourceDate "2017.04.27"]
[SourceVersion "1"]
[SourceVersionDate "2017.04.27"]
[SourceQuality "1"]

1. Nc3 Nf6 2. Nf3 d5 3. d4 Bf5 4. Bf4 c6 5. e3 Nbd7 6. Be2 e6 7. Ne5 Nxe5 8. Bxe5 Bb4 9. f3 Nd7 10. Bg3 Qf6 11. 0-0 e5 12. dxe5 Nxe5 13. Nxd5 cxd5 14. Qxd5 Nc6 15. c3 Be7 16. e4 Be6 17. Qb5 Bc8 18. e5 Qh6 19. f4 0-0 20. Bf3 a6 21. Qb3 Rb8 22. Qc2 Be6 23. f5 Bc4 24. Rfe1 Rbd8 25. Rad1 Rxd1 26. Rxd1 Nxe5 27. Bxe5 Qe3+ 28. Kh1 Qxe5 29. Bxb7 0-1

[Event "COL-ch Amateur U2000"]
[Site "Bogota"]
[Date "2017.03.05"]
[Round "7"]
[White "Rosado Perez, Maria Jose"]
[Black "Garcia Engels, Vladimir"]
[Result "1/2-1/2"]
[WhiteElo "1767"]
[BlackElo "1958"]
[PlyCount "116"]
[EventDate "2017.03.02"]
[EventType "swiss"]
[EventRounds "7"]
[EventCountry "COL"]
[SourceTitle "CBM 177 Extra"]
[Source "ChessBase"]
[SourceDate "2017.04.27"]
[SourceVersion "1"]
[SourceVersionDate "2017.04.27"]
[SourceQuality "1"]

1. e4 c5 2. Nf3 Nc6 3. d4 cxd4 4. Nxd4 Nf6 5. Nc3 e5 6. Ndb5 d6 7. Bg5 a6 8. Bxf6 gxf6 9. Na3 f5 10. Qd2 Bg7 11. 0-0-0 Nd4 12. Kb1 b5 13. Nd5 0-0 14. c3 Nc6 15. Bd3 Be6 16. Nc2 Bxd5 17. exd5 Ne7 18. f3 Rc8 19. Nb4 a5 20. Nc6 Nxc6 21. dxc6 b4 22. cxb4 axb4 23. Bb5 Qb6 24. Qd5 Rfd8 25. Rc1 Rc7 26. Rc4 Qa5 27. a4 bxa3 28. Ra4 Qb6 29. Rxa3 Rb8 30. Rb3 Rxc6 31. Ba4 Qxb3 32. Bxb3 Rcb6 33. Qxf7+ Kh8 34. Kc2 Rc8+ 35. Kd2 Rcb8 36. Kc2 Rc8+ 37. Bc4 e4 38. b3 Ra6 39. fxe4 fxe4 40. Rb1 Ra2+ 41. Kd1 Rf8 42. Qe6 Rxg2 43. Qxe4 Rff2 44. Be2 d5 45. Qe8+ Rf8 46. Qh5 Rg1+ 47. Kc2 Rc8+ 48. Bc4 Rg2+ 49. Kd3 dxc4+ 50. bxc4 Rd8+ 51. Ke3 Rgd2 52. Rb3 R2d4 53. c5 R4d5 54. Qxd5 Rxd5 55. Rb8+ Bf8 56. Rxf8+ Kg7 57. Rc8 Kf6 58. Ke4 Rh5 1/2-1/2

[Event "COL-ch Amateur U2000"]
[Site "Bogota"]
[Date "2017.03.03"]
[Round "3"]
[White "Fuentes, Carlos2222"]
[Black "Garcia Engels, Vladimir"]
[Result "0-1"]
[WhiteElo "1820"]
[BlackElo "1958"]
[PlyCount "64"]
[EventDate "2017.03.02"]
[EventType "swiss"]
[EventRounds "7"]
[EventCountry "COL"]
[SourceTitle "CBM 177 Extra"]
[Source "ChessBase"]
[SourceDate "2017.04.27"]
[SourceVersion "1"]
[SourceVersionDate "2017.04.27"]
[SourceQuality "1"]

1. d4 Nf6 2. Nf3 e6 3. c4 Bb4+ 4. Nc3 0-0 5. Qc2 d6 6. g3 Nbd7 7. Bg2 e5 8. dxe5 dxe5 9. 0-0 c6 10. a3 Bd6 11. e4 a5 12. Bg5 h6 13. Bxf6 Qxf6 14. Rad1 Re8 15. Rd2 Nf8 16. Qd3 Bc7 17. Qe3 Be6 18. b3 Rad8 19. Rfd1 Bc8 20. Na4 Rxd2 21. Rxd2 Rd8 22. Nb6 Bg4 23. c5 Bxf3 24. Rxd8 Qxd8 25. Bxf3 Ne6 26. Nc4 Nd4 27. Kg2 Nc2 28. Qc3 Qd3 29. Qxd3 Ne1+ 30. Kf1 Nxd3 31. Bg4 Nxc5 32. Bc8 b5 0-1

[Event "Bogota Region-ch Amateur U2300"]
[Site "Bogota"]
[Date "2017.02.19"]
[Round "5.3"]
[White "Garcia Engels, Vladimir"]
[Black "Valle, Efrain"]
[Result "0-1"]
[WhiteElo "1957"]
[BlackElo "2171"]
[PlyCount "102"]
[EventDate "2017.02.17"]
[EventType "swiss"]
[EventRounds "6"]
[EventCountry "COL"]
[SourceTitle "EXT 2024"]
[Source "ChessBase"]
[SourceDate "2023.10.10"]
[SourceVersion "1"]
[SourceVersionDate "2023.10.10"]
[SourceQuality "1"]

1. c4 Nf6 2. g3 e6 3. Bg2 c5 4. Nf3 Be7 5. Nc3 0-0 6. d4 a6 7. 0-0 cxd4 8. Nxd4 Qc7 9. b3 d6 10. Bb2 Nbd7 11. Rc1 Ne5 12. h3 Bd7 13. e4 Rac8 14. Kh2 Qb8 15. a4 Nc6 16. Nde2 Na5 17. Nd4 Nc6 18. Nde2 Na7 19. Nd4 b5 20. cxb5 axb5 21. a5 b4 22. Nce2 Rxc1 23. Qxc1 Rc8 24. Qa1 e5 25. Nf5 Bxf5 26. exf5 Rc2 27. Ng1 Qb5 28. a6 h6 29. Bc1 Nd5 30. Qb1 Rc7 31. Qe4 Nc3 32. Qa8+ Bf8 33. f6 g5 34. h4 Qxa6 35. hxg5 d5 36. Qb8 Qc8 37. Qxc8 Nxc8 38. gxh6 Rc6 39. Bg5 Kh7 40. Nf3 e4 41. Ne5 Rc7 42. Bh3 Nd6 43. Ra1 Bxh6 44. Bxh6 Kxh6 45. Ra8 Kg5 46. Nd7 Rc8 47. Ra6 Ncb5 48. Nb6 Rc6 49. Bd7 Rc2 50. Nxd5 Rxf2+ 51. Kg1 Rf3 0-1

[Event "Manizales op 26th"]
[Site "Manizales"]
[Date "2017.01.04"]
[Round "1"]
[White "Calle, Edwin Fernando"]
[Black "Garcia Engels, Vladimir"]
[Result "0-1"]
[WhiteElo "1825"]
[BlackElo "1963"]
[PlyCount "82"]
[EventDate "2017.01.04"]
[EventType "swiss"]
[EventRounds "9"]
[EventCountry "COL"]
[SourceTitle "CBM 176 Extra"]
[Source "ChessBase"]
[SourceDate "2017.03.02"]
[SourceVersion "1"]
[SourceVersionDate "2017.03.02"]
[SourceQuality "1"]

1. e4 c5 2. Nf3 Nc6 3. d4 cxd4 4. Nxd4 Nf6 5. Nc3 e5 6. Ndb5 d6 7. Bg5 a6 8. Na3 b5 9. Nd5 Be7 10. Bxf6 Bxf6 11. c3 0-0 12. Bd3 Bg5 13. Nc2 Ne7 14. Nce3 Bxe3 15. Nxe3 f5 16. Qc2 d5 17. exd5 e4 18. Be2 f4 19. Nf1 Qxd5 20. Nd2 f3 21. gxf3 exf3 22. Bd3 Bf5 23. Be4 Qe5 24. 0-0-0 Rac8 25. Qb3+ Kh8 26. Rde1 Qf6 27. Bxf3 Nc6 28. Bxc6 Rxc6 29. Re3 Rd8 30. Rhe1 Bg6 31. f3 h6 32. Qb4 Qf5 33. Ne4 Qf4 34. R1e2 Rd3 35. Nc5 Rxe3 36. Qxf4 Rxe2 37. Ne4 Bxe4 38. fxe4 Rf6 39. Qb8+ Kh7 40. Kd1 Rxb2 41. Ke1 Rff2 0-1

[Event "Bogota IRT Clasico Lab op"]
[Site "Bogota"]
[Date "2015.11.20"]
[Round "1.6"]
[White "Cuellar, Jose Gabriel"]
[Black "Garcia Engels, Vladimir"]
[Result "0-1"]
[WhiteElo "1665"]
[BlackElo "1887"]
[PlyCount "52"]
[EventDate "2015.11.20"]
[EventType "swiss"]
[EventRounds "6"]
[EventCountry "COL"]
[SourceTitle "EXT 2024"]
[Source "ChessBase"]
[SourceDate "2023.10.10"]
[SourceVersion "1"]
[SourceVersionDate "2023.10.10"]
[SourceQuality "1"]

1. d4 Nf6 2. Nf3 c5 3. c3 g6 4. Bf4 Bg7 5. e3 0-0 6. h3 cxd4 7. exd4 d6 8. Be2 Qb6 9. Qc1 Re8 10. 0-0 Nc6 11. Nbd2 e5 12. dxe5 dxe5 13. Nc4 Qc5 14. b4 Qe7 15. Ncxe5 Nh5 16. Bg5 Qc7 17. Nxc6 Qxc6 18. Be3 Bxc3 19. Rb1 Bf5 20. Rb3 Rac8 21. a4 Nf4 22. Bb5 Qxb5 23. Bxf4 Qc4 24. Qa3 Bf6 25. Be3 Bc2 26. Rc1 Qxb3 0-1

[Event "Bogota LAB op"]
[Site "Bogota"]
[Date "2014.06.30"]
[Round "5"]
[White "Garcia Engels, Vladimir"]
[Black "Gonzalez, Amalia"]
[Result "1-0"]
[WhiteElo "1829"]
[BlackElo "1723"]
[PlyCount "37"]
[EventDate "2014.06.27"]
[EventType "swiss"]
[EventRounds "6"]
[EventCountry "COL"]
[SourceTitle "EXT 2015"]
[Source "ChessBase"]
[SourceDate "2014.11.20"]
[SourceVersion "1"]
[SourceVersionDate "2014.11.20"]
[SourceQuality "1"]

1. e4 e5 2. Nf3 Nc6 3. Bb5 Nf6 4. d3 a6 5. Ba4 Be7 6. c3 b5 7. Bb3 Na5 8. Nxe5 Nxb3 9. Qxb3 0-0 10. 0-0 d6 11. Nc6 Qd7 12. Nxe7+ Qxe7 13. Bg5 h6 14. Bh4 Qe5 15. Nd2 Qf4 16. Nf3 Bg4 17. Bg3 Be6 18. Bxf4 Bxb3 19. axb3 1-0

[Event "Bogota LAB op"]
[Site "Bogota"]
[Date "2014.06.28"]
[Round "2"]
[White "Castro, Natalia Patricia"]
[Black "Garcia Engels, Vladimir"]
[Result "1-0"]
[WhiteElo "1992"]
[BlackElo "1829"]
[PlyCount "47"]
[EventDate "2014.06.27"]
[EventType "swiss"]
[EventRounds "6"]
[EventCountry "COL"]
[SourceTitle "EXT 2015"]
[Source "ChessBase"]
[SourceDate "2014.11.20"]
[SourceVersion "1"]
[SourceVersionDate "2014.11.20"]
[SourceQuality "1"]

1. e4 e5 2. Nf3 Nc6 3. d4 exd4 4. Bc4 Nf6 5. e5 d5 6. Bb5 Ne4 7. Nxd4 Bd7 8. Bxc6 bxc6 9. 0-0 Be7 10. Nd2 Nxd2 11. Bxd2 c5 12. Nb3 0-0 13. Qf3 Be6 14. Rad1 Qd7 15. Qg3 Qa4 16. f4 f5 17. exf6 Rxf6 18. f5 Bd6 19. Bf4 Bxf5 20. Bxd6 cxd6 21. Rxd5 Rg6 22. Qf3 Be6 23. Rxd6 Qe8 24. Nxc5 1-0